<?xml version="1.0" encoding="UTF-8"?>
<marc:record xmlns:marc="http://www.loc.gov/MARC21/slim">
   <marc:leader>00000nam a2200000 a 4500</marc:leader>
   <marc:datafield ind1="1" ind2=" " tag="100">
      <marc:subfield code="a">Sanders, Anne</marc:subfield>
      <marc:subfield code="4">aut</marc:subfield>
      <marc:subfield code="e">Verfasser/-in</marc:subfield>
   </marc:datafield>
   <marc:datafield ind1="0" ind2="0" tag="245">
      <marc:subfield code="a">Sommerhaus zum Glück</marc:subfield>
   </marc:datafield>
   <marc:datafield ind1="0" ind2="0" tag="245">
      <marc:subfield code="b">Roman</marc:subfield>
   </marc:datafield>
   <marc:datafield ind1=" " ind2="1" tag="264">
      <marc:subfield code="b">Blanvalet Verlag</marc:subfield>
      <marc:subfield code="c">2018</marc:subfield>
   </marc:datafield>
   <marc:datafield ind1="1" ind2=" " tag="520">
      <marc:subfield code="a">Wer träumt nicht von einem Haus in Cornwall? Elodie hatte bisher eigentlich andere Pläne  bis ihre Beziehung spektakulär scheitert und ihr Exfreund ihr statt ewiger Liebe Geld für einen Neuanfang bietet. Als sie auf das Inserat für ein hübsches kleines Bed &amp; Breakfast in St. Ives stößt, räumt Elodie kurz entschlossen das Konto leer, kauft das Haus und reist unbesehen nach Südengland. In dem kleinen Fischerdörfchen stürzt sie sich nicht nur in die Renovierung, sondern lernt auch die schüchterne Helen und die lebenslustige alte Dame Brandy kennen, mit denen sie bald eine tiefe Freundschaft verbindet. Gemeinsam erleben die drei Frauen einen unvergesslichen Sommer, nach dem nichts mehr so sein wird, wie es war  vor allem nicht in Elodies Herz. [Verlagsmeldung]</marc:subfield>
   </marc:datafield>
   <marc:datafield ind1=" " ind2=" " tag="020">
      <marc:subfield code="a">9783764506308</marc:subfield>
      <marc:subfield code="9">9783764506308</marc:subfield>
   </marc:datafield>
</marc:record>
